Statistiche per Riconosci la Squadra di calcio - Quiz n°166

Clicka qui per fare il quiz!

Statistiche generali

  • Questo quiz è stato fatto 6 volte
  • Il punteggio medio è 8 su 10

Statistiche sulle risposte

IndizioRisposta% Corretto
Fondazione1898
100%
Colori socialiBianco, nero
100%
SimboliPicchio e castello
100%
Capienza Stadio12 400 posti
80%
Trofei internazionali1 Coppe Mitropa
1 The Red Leaf Cup
80%
Trofei nazionali1 Torneo di Capodanno
1 Supercoppa Serie C
80%
Titoli nazionali2 campionati di Serie B
2 campionati di Serie C
80%
Divisione nazionale 2023-2024Seconda
80%
ConfederazioneUEFA
80%
SquadraAscoli
60%

Distribuzione punteggi

Percentile per numero di risposta

Percentuale di utenti per punteggio

I tuoi punteggi nel tempo

Non hai fatto questo quiz